[Event "Gran Canaria Fiestas Dolores 2nd"]
[Site "Gran Canaria"]
[Date "2017.09.13"]
[Round "5"]
[White "Perez Bolanos, Joel"]
[Black "Sanchez Ramirez, Gustavo"]
[Result "1/2-1/2"]
[WhiteElo "1379"]
[BlackElo "1686"]
[PlyCount "92"]
[EventDate "2017.09.04"]
[EventType "swiss"]
[EventRounds "6"]
[EventCountry "ESP"]
[SourceTitle "CBM 180 Extra"]
[Source "ChessBase"]
[SourceDate "2017.10.06"]
[SourceVersion "1"]
[SourceVersionDate "2017.10.06"]
[SourceQuality "1"]

1. e4 e5 2. Nf3 d6 3. d4 exd4 4. Nxd4 Be7 5. Be3 Bf6 6. Nc3 Ne7 7. Qd2 0-0 8. f3 Nbc6 9. 0-0-0 Nxd4 10. Bxd4 Nc6 11. Bxf6 Qxf6 12. Nd5 Qd8 13. g4 Be6 14. h4 Bxd5 15. Qxd5 Qf6 16. g5 Qxf3 17. Bd3 Ne5 18. Kb1 Nxd3 19. cxd3 c6 20. Qxd6 Rad8 21. Qa3 Rd4 22. Qb3 Rfd8 23. Rhf1 Qh5 24. Qxb7 Rxe4 25. Qc7 Ree8 26. Qxa7 Ra8 27. Qd7 Red8 28. Qf5 Rd5 29. Qf3 Qg6 30. Qe4 Qd6 31. Qf4 Qe7 32. Rf3 Qa7 33. a3 Rb5 34. Rdf1 Rxb2+ 35. Kxb2 Qxa3+ 36. Kc2 Qa2+ 37. Kc3 Ra3+ 38. Kd4 Ra4+ 39. Ke3 Rxf4 40. Rxf4 Qe6+ 41. Kd2 Kf8 42. Rxf7+ Qxf7 43. Rxf7+ Kxf7 44. Ke3 g6 45. Kd4 Ke6 46. Kc5 Kd7 1/2-1/2

[Event "Las Palmas Cabildo op"]
[Site "Las Palmas"]
[Date "2017.03.21"]
[Round "4"]
[White "Ramos Santana, Marcelino"]
[Black "Sanchez Ramirez, Gustavo"]
[Result "1-0"]
[WhiteElo "2011"]
[BlackElo "1685"]
[PlyCount "169"]
[EventDate "2017.03.10"]
[EventType "swiss"]
[EventRounds "7"]
[EventCountry "ESP"]
[SourceTitle "EXT 2018"]
[Source "ChessBase"]
[SourceDate "2017.10.13"]
[SourceVersion "1"]
[SourceVersionDate "2017.10.13"]
[SourceQuality "1"]

1. e4 d5 2. exd5 Qxd5 3. Nf3 Nf6 4. d4 Bg4 5. Be2 e6 6. 0-0 Bd6 7. h3 Bf5 8. c4 Qe4 9. Nc3 Qc2 10. Nh4 Qxd1 11. Rxd1 Bg6 12. c5 Be7 13. Nxg6 hxg6 14. Bf4 c6 15. b4 Nd5 16. Nxd5 cxd5 17. a4 Nd7 18. Rac1 0-0 19. b5 Rac8 20. Be3 Nb8 21. Rc2 f6 22. Bd3 Kf7 23. f4 f5 24. Re1 Nd7 25. Rec1 Nb8 26. Bd2 Bf6 27. Be3 Rh8 28. Kf2 Ke7 29. a5 Kd7 30. Be2 Bd8 31. Bd2 Rh6 32. Rb1 Rh8 33. Rcb2 Rh7 34. Bd1 Bf6 35. Be3 Ke7 36. Rb4 Rhh8 37. Ke2 Kd7 38. Kd3 Bh4 39. Ba4 Ke7 40. R4b2 Bg3 41. Ke2 Bh4 42. Kf3 Rc7 43. Re2 Nd7 44. Reb2 Rb8 45. Bd2 Bf6 46. Ke3 g5 47. g3 Rh8 48. Rh1 gxf4+ 49. gxf4 g5 50. Bb4 Kf7 51. fxg5 Bxg5+ 52. Kd3 Nf6 53. c6 bxc6 54. bxc6 Ne4 55. Be1 Bf4 56. h4 e5 57. Rb7 exd4 58. Kxd4 Kf6 59. Rf1 Be5+ 60. Ke3 d4+ 61. Kf3 Nc3 62. Bxc3 dxc3 63. Rh1 Rd8 64. Rc1 Rd3+ 65. Ke2 Rh3 66. Bb5 Rxh4 67. Rxc3 Rh2+ 68. Kf1 Rb2 69. Rc5 Bd6 70. Rxc7 Bxc7 71. Bd3 f4 72. Rd5 Bxa5 73. Rxa5 Rd2 74. Rd5 Rd1+ 75. Ke2 Rc1 76. Rd6+ Ke5 77. Rh6 a5 78. Bb5 Rc2+ 79. Ke1 Rb2 80. Bd3 f3 81. Kd1 Rg2 82. c7 Rg8 83. Ba6 f2 84. Ke2 Rf8 85. Kf1 1-0

[Event "Gran Canaria Santana Memorial 5th"]
[Site "Gran Canaria"]
[Date "2017.02.14"]
[Round "4"]
[White "Sanchez Ramirez, Gustavo"]
[Black "Sosa Suarez, Carla Cristina"]
[Result "0-1"]
[WhiteElo "1728"]
[BlackElo "1865"]
[PlyCount "110"]
[EventDate "2017.02.03"]
[EventType "swiss"]
[EventRounds "7"]
[EventCountry "ESP"]
[SourceTitle "CBM 177 Extra"]
[Source "ChessBase"]
[SourceDate "2017.04.27"]
[SourceVersion "1"]
[SourceVersionDate "2017.04.27"]
[SourceQuality "1"]

1. c4 e6 2. g3 d5 3. d3 Nf6 4. Bg2 c5 5. Nf3 dxc4 6. dxc4 Qxd1+ 7. Kxd1 Nc6 8. Nc3 Be7 9. h3 0-0 10. Be3 Rd8+ 11. Kc1 Bd7 12. Rd1 Rac8 13. Ne1 Na5 14. b3 Bc6 15. Kc2 Bxg2 16. Nxg2 Nc6 17. Rxd8+ Rxd8 18. Rd1 Nd4+ 19. Kc1 e5 20. Bg5 h6 21. Bxf6 Bxf6 22. e3 Nf3 23. Nd5 Rd6 24. Ne1 Nxe1 25. Rxe1 e4 26. Rd1 Kh7 27. Kd2 b5 28. Ke2 bxc4 29. bxc4 Be5 30. Nc3 Rxd1 31. Nxd1 f5 32. Kd2 h5 33. Nc3 h4 34. gxh4 Kh6 35. Nd5 Bd6 36. a4 Kh5 37. a5 Kxh4 38. a6 Kxh3 39. Nb6 g5 40. Nc8 Bb8 41. Ne7 Bc7 42. Nxf5 Kg4 43. Ne7 Kf3 44. Ke1 g4 45. Nc6 g3 46. fxg3 Kxe3 47. Nxa7 Bxg3+ 48. Kd1 Kd3 49. Nb5 e3 50. Nc3 Kxc3 51. a7 Kd3 52. a8Q e2+ 53. Kc1 e1Q+ 54. Kb2 Be5+ 55. Kb3 Qb4+ 0-1

[Event "Las Palmas Insular-chT Primera-A 1617"]
[Site "Las Palmas"]
[Date "2016.12.03"]
[Round "6.2"]
[White "Sanchez Ramirez, Gustavo"]
[Black "Gonzalez Perez, Lutgarda"]
[Result "0-1"]
[WhiteElo "1714"]
[BlackElo "2059"]
[PlyCount "124"]
[EventDate "2016.10.22"]
[EventType "team-tourn"]
[EventRounds "14"]
[EventCountry "ESP"]
[SourceTitle "EXT 2018"]
[Source "ChessBase"]
[SourceDate "2017.10.13"]
[SourceVersion "1"]
[SourceVersionDate "2017.10.13"]
[SourceQuality "1"]
[WhiteTeam "Hotel Avda de Canarias III"]
[BlackTeam "Villa de Teror II"]
[WhiteTeamCountry "ESP"]
[BlackTeamCountry "ESP"]

1. c4 Nf6 2. d4 c6 3. Nc3 d5 4. e3 g6 5. Nf3 Bg7 6. Bd3 0-0 7. 0-0 Nbd7 8. cxd5 cxd5 9. e4 dxe4 10. Nxe4 Nxe4 11. Bxe4 Nf6 12. Re1 Nxe4 13. Rxe4 b6 14. Be3 Bb7 15. Rh4 Qd5 16. Ne1 Rfd8 17. Qg4 h5 18. Qg3 Bf6 19. Rf4 h4 20. Qf3 Rac8 21. Rxf6 exf6 22. Qxf6 Qh5 23. Nd3 Qf5 24. Qxf5 gxf5 25. Nf4 Rc2 26. b4 Kf8 27. a4 Rc4 28. Rb1 Be4 29. Rb2 Rdxd4 30. h3 Rd1+ 31. Kh2 Ra1 32. a5 bxa5 33. bxa5 Rxa5 34. Rb8+ Ke7 35. Rh8 Ra2 36. Rxh4 a5 37. Rh6 a4 38. Ra6 Rb2 39. h4 Rb8 40. h5 Rh8 41. h6 Rc6 42. Rxa4 Rcxh6+ 43. Nh3 Rg6 44. Ra7+ Ke8 45. f3 Bc6 46. Rc7 Rh7 47. Bf4 Rhg7 48. Bg5 Bd7 49. Ra7 f6 50. Ra8+ Ke7 51. Be3 Rxg2+ 52. Kh1 Rc2 53. Nf4 Rg3 54. Nd5+ Ke6 55. Nb4 Re2 56. Ra6+ Kf7 57. Nd5 Rxf3 58. Rxf6+ Ke8 59. Bg1 Rh3+ 60. Bh2 Rhxh2+ 61. Kg1 Reg2+ 62. Kf1 Rd2 0-1